=LDR 00000nam 2200000 4500 =001 INLIS000000000021834 =005 20130612120644 =008 ***********************************Ind** =035 ##$$0010-061300000021834 =041 ##$$a Ind =082 ##$$a 631.3 =090 ##$$a 631.3, San-p =100 ##$$a SANTOSO, Hieronymus Budi =245 ##$$a Perontok biji kedelai, Hieronymus budi santoso =260 ##$$a 1994 $b Yogyakarta =300 ##$$a 36 hlm., ilus., 21 cm =650 ##$$a Pertanian-Mesin perontok =850 ##$$a NBPNMAT